[Event "Titled Tue 10th Jun Late"]
[Site "chess.com INT"]
[Date "2025.06.10"]
[Round "2"]
[White "Wu, Rochelle"]
[Black "Urbina Quiroz, Edwin"]
[Result "1/2-1/2"]
[WhiteTitle "FM"]
[WhiteElo "2211"]
[BlackElo "2041"]
[WhiteFideId "30908132"]
[BlackFideId "6500650"]
[EventDate "2025.06.10"]

1. Nf3 d5 2. b3 Nf6 3. e3 c6 4. Bb2 g6 5. Be2 Bg7 6. O-O O-O 7. d4 Ne4 8. Nbd2
Nxd2 9. Qxd2 Nd7 10. c4 Nf6 11. Rac1 Ne4 12. Qc2 a5 13. Bd3 Nf6 14. Ne5 Nd7 15.
Nxd7 Bxd7 16. cxd5 cxd5 17. Qc7 Bc6 18. Qxd8 Rfxd8 19. Ba3 e5 20. dxe5 Bxe5 21.
Bc5 d4 22. e4 Re8 23. Rfe1 Rec8 24. f4 Bxf4 25. Rc2 Be3+ 26. Kh1 Re8 27. Rce2 h5
28. h3 Bxe4 29. Bxe4 Rxe4 30. Bxd4 Rxd4 31. Rxe3 Rad8 32. Re7 R8d7 33. R7e5 R4d5
34. Rxd5 Rxd5 35. Re7 Rd2 36. Rxb7 Rxa2 37. Ra7 Kg7 38. Kh2 h4 39. Kg1 g5 40.
Kh2 Kg6 41. Kg1 f6 42. Ra6 Kf5 43. Kh2 Ke5 44. Kg1 f5 45. Rg6 Kf4 46. Rc6 g4 47.
Rc4+ Kg5 48. hxg4 fxg4 49. Rc5+ Kf4 50. Rc4+ Kf5 51. Rc5+ Ke4 52. Rc4+ Kf5 53.
Rc5+ Kf4 54. Rc4+ Kg3 55. Rc3+ Kf4 56. Rc4+ 1/2-1/2

[Event "Titled Tue 10th Jun Late"]
[Site "chess.com INT"]
[Date "2025.06.10"]
[Round "2"]
[White "Rajaram, Rohan"]
[Black "Sakhayi, Mostafa"]
[Result "0-1"]
[WhiteTitle "CM"]
[BlackTitle "CM"]
[WhiteElo "2164"]
[BlackElo "2166"]
[WhiteFideId "30940729"]
[BlackFideId "12512532"]
[EventDate "2025.06.10"]

1. b3 e5 2. Bb2 Nc6 3. d3 Nf6 4. Nd2 Bc5 5. e3 O-O 6. Ngf3 d6 7. Be2 a5 8. a4 h6
9. O-O Bf5 10. d4 exd4 11. exd4 Bb6 12. Nc4 Ba7 13. c3 Re8 14. Ne3 Bh7 15. Bd3
Bxd3 16. Qxd3 Qd7 17. h3 Ne7 18. Kh2 Ng6 19. g3 d5 20. Rae1 c6 21. Nd2 Ne4 22.
Nxe4 Rxe4 23. f3 Re6 24. Ng2 Rae8 25. Rxe6 Rxe6 26. Re1 Bb8 27. Rxe6 Qxe6 28. f4
Ne7 29. c4 h5 30. Nh4 Qe1 31. Ng2 Qf2 32. Ba3 Ng6 33. h4 Bxf4 34. gxf4 Qxg2+ 35.
Kxg2 Nxf4+ 36. Kf3 Nxd3 37. cxd5 cxd5 38. Ke2 Nb4 39. Bc1 f6 40. Bf4 Kf7 41. Bc7
Nc6 42. Ke3 g5 43. Bg3 Ke6 0-1

[Event "Titled Tue 10th Jun Late"]
[Site "chess.com INT"]
[Date "2025.06.10"]
[Round "2"]
[White "Gutierrez Carmona, Juan Alejandro"]
[Black "Bratovic, Blaz"]
[Result "0-1"]
[WhiteTitle "FM"]
[BlackTitle "IM"]
[WhiteElo "2036"]
[BlackElo "2319"]
[WhiteFideId "5106770"]
[BlackFideId "14603551"]
[EventDate "2025.06.10"]

1. d4 f5 2. Bf4 Nf6 3. e3 d6 4. d5 e6 5. c4 Be7 6. h3 O-O 7. Nc3 e5 8. Bh2 Nbd7
9. Be2 Nc5 10. Nf3 Bd7 11. O-O Qe8 12. Nd2 Nfe4 13. Ncxe4 Nxe4 14. Bh5 g6 15.
Bf3 Ng5 16. Be2 h5 17. f4 Nf7 18. Nf3 Bf6 19. Qd2 Qe7 20. Rae1 Rae8 21. Bg3 Kg7
22. h4 e4 23. Ng5 Kg8 24. Bd1 Nxg5 25. hxg5 Bg7 26. Qc2 Rc8 27. Qb3 Rb8 28. Be2
Rfc8 29. Rc1 c5 30. Be1 Kf7 31. Bc3 Qf8 32. Rfd1 a6 33. a4 Bxc3 34. Rxc3 b6 35.
Qa3 a5 36. b3 Qg7 37. Qb2 h4 38. Qd2 Rh8 39. Bf1 Rh7 40. Rcc1 Rbh8 41. Rc2 Ke8
42. Qf2 Kd8 43. Rdc1 Kc7 44. Rd2 Kb7 45. Rdc2 Ka7 46. Qe2 Rh5 47. Kf2 Rf8 48.
Ke1 Rhh8 49. Kd1 Qh7 50. Rc3 Qh5 0-1

[Event "Titled Tue 10th Jun Late"]
[Site "chess.com INT"]
[Date "2025.06.10"]
[Round "2"]
[White "Avramidou, Anastasia"]
[Black "Naroditsky, Daniel"]
[Result "0-1"]
[WhiteTitle "FM"]
[BlackTitle "GM"]
[WhiteElo "2294"]
[BlackElo "2619"]
[WhiteFideId "4239873"]
[BlackFideId "2026961"]
[EventDate "2025.06.10"]

1. Nf3 Nf6 2. d4 g6 3. c4 Bg7 4. Nc3 d6 5. e4 O-O 6. Be2 Na6 7. O-O e5 8. dxe5
dxe5 9. Qxd8 Rxd8 10. Bg5 Re8 11. Rfd1 Nc5 12. Bxf6 Bxf6 13. Ne1 c6 14. Nd3 Ne6
15. Bf1 Nd4 16. Ne2 Rd8 17. Nxd4 Rxd4 18. Nc5 Rxd1 19. Rxd1 Be7 20. Nd7 f6 21.
c5 Kf7 22. Bc4+ Ke8 23. Be6 Bd8 24. h4 Ke7 25. Bh3 Bc7 26. h5 b6 27. b4 b5 28.
a3 Ba6 29. Nb6 Rd8 30. Nd5+ cxd5 31. exd5 f5 32. d6+ Bxd6 33. cxd6+ Rxd6 34. Rc1
Kd7 35. hxg6 hxg6 36. Rc5 e4 37. f3 e3 38. Re5 Rd3 39. g4 f4 40. g5+ Kc7 41. Kf1
Rd2 42. Ke1 Kd8 43. Bg4 Bb7 44. Re6 Bc8 45. Rf6 Bxg4 46. fxg4 Rf2 47. Rxg6 Rg2
48. Rf6 Rxg4 49. g6 Ke7 50. Rf7+ Ke6 51. Ke2 Ke5 52. g7 Rg2+ 53. Kd3 Rd2+ 54.
Kc3 Rd8 55. Rf8 e2 56. g8=Q e1=Q+ 57. Kb3 Qb1+ 0-1

[Event "Titled Tue 10th Jun Late"]
[Site "chess.com INT"]
[Date "2025.06.10"]
[Round "2"]
[White "Vasquez Schroeder, Rodrigo"]
[Black "Sliwicka, Alicja"]
[Result "1-0"]
[WhiteTitle "GM"]
[BlackTitle "WGM"]
[WhiteElo "2446"]
[BlackElo "2299"]
[WhiteFideId "3400042"]
[BlackFideId "1150677"]
[EventDate "2025.06.10"]

1. e4 c5 2. Nf3 d6 3. d4 cxd4 4. Nxd4 Nf6 5. Nc3 Bd7 6. Bg5 e6 7. Qd2 a6 8.
O-O-O h6 9. Be3 Ng4 10. Be2 Nxe3 11. Qxe3 Qc7 12. Kb1 Nc6 13. f4 Be7 14. Nf3
O-O-O 15. Na4 Kb8 16. Nb6 Be8 17. Rd2 Na7 18. Rhd1 d5 19. Nxd5 exd5 20. exd5 Bd6
21. g3 Bd7 22. Nd4 Rhe8 23. Qf3 Qa5 24. Nb3 Qa4 25. Rd4 Bb4 26. a3 a5 27. axb4
axb4 28. Bf1 Nb5 29. Re4 Bf5 30. Rxe8 Nc3+ 31. Kc1 Na2+ 32. Kd2 Rxe8 33. Bd3 Bd7
34. Nc5 Qa5 35. Nxd7+ Kc7 36. Ne5 b3+ 37. c3 Nxc3 38. Rc1 Qa2 39. Rxc3+ Kb8 40.
Nd7+ Ka8 41. Bc2 Qxb2 42. Rxb3 Qd4+ 43. Bd3 Qa7 44. Bc2 Qa5+ 45. Qc3 Qxd5+ 46.
Qd3 Qa5+ 47. Rc3 Rc8 48. Nb6+ Qxb6 49. Rxc8+ Ka7 50. Qe3 1-0

[Event "Titled Tue 10th Jun Late"]
[Site "chess.com INT"]
[Date "2025.06.10"]
[Round "2"]
[White "Unsal, Gorkem"]
[Black "Chueca Forcen, Alberto"]
[Result "1-0"]
[WhiteTitle "CM"]
[BlackTitle "IM"]
[WhiteElo "2109"]
[BlackElo "2292"]
[WhiteFideId "51607484"]
[BlackFideId "2269902"]
[EventDate "2025.06.10"]

1. e4 d5 2. exd5 Qxd5 3. Nc3 Qd6 4. d4 Nf6 5. Nf3 c6 6. Bc4 Bf5 7. O-O e6 8. Ne5
Nd5 9. Bxd5 cxd5 10. Bf4 Qd8 11. Qe2 Be7 12. Qb5+ Nd7 13. Qxb7 Nxe5 14. Bxe5 O-O
15. Nb5 Bxc2 16. Rfc1 Bd3 17. Nxa7 Bg5 18. Rc3 Bg6 19. Nc6 Qe8 20. f4 Bh4 21. g3
Bf6 22. Bd6 Be4 23. Bxf8 Qxf8 24. a4 h5 25. a5 g5 26. a6 gxf4 27. gxf4 h4 28.
Kf1 Kh7 29. Kf2 Qg7 30. Rg1 Bxd4+ 31. Nxd4 Qxd4+ 32. Re3 Qd2+ 33. Re2 Qxf4+ 34.
Ke1 Qc1+ 35. Kf2 Qf4+ 36. Ke1 Qc1+ 37. Kf2 Qc5+ 38. Re3 Rf8 39. Qb3 d4 40. Rxe4
d3+ 41. Re3 Qf5+ 42. Rf3 1-0

[Event "Titled Tue 10th Jun Late"]
[Site "chess.com INT"]
[Date "2025.06.10"]
[Round "2"]
[White "Powell, Paul"]
[Black "Radchenko, Alexey"]
[Result "0-1"]
[WhiteTitle "CM"]
[BlackTitle "FM"]
[WhiteElo "2270"]
[BlackElo "2290"]
[WhiteFideId "2005840"]
[BlackFideId "4192362"]
[EventDate "2025.06.10"]

1. d4 d5 2. Nf3 c6 3. c3 Nf6 4. Bf4 e6 5. e3 Bd6 6. Ne5 Qc7 7. Bd3 Nbd7 8. Nxd7
Bxd7 9. Bxd6 Qxd6 10. f4 O-O-O 11. Nd2 h5 12. Nf3 Ng4 13. Qe2 f6 14. h3 Nh6 15.
O-O-O Nf5 16. Qf2 Rhg8 17. Rhg1 g5 18. fxg5 fxg5 19. Bxf5 exf5 20. Rdf1 Rdf8 21.
Nd2 f4 22. exf4 Rxf4 23. Qe2 g4 24. hxg4 Bxg4 25. Qe3 Rgf8 26. Rxf4 Qxf4 27. Re1
Qxe3 28. Rxe3 Rf2 29. g3 Kd7 30. b3 Rg2 31. c4 b6 32. Kc2 Bf5+ 33. Kc3 Kd6 34.
a3 a5 35. b4 axb4+ 36. axb4 Kd7 37. c5 b5 38. Rf3 Ke6 39. Re3+ Kf6 40. Rf3 Kg5
41. Nf1 Rc2+ 42. Kb3 Rc1 43. Ne3 Be4 44. Rf8 Rb1+ 45. Ka3 Rc1 46. Kb3 Rb1+ 47.
Ka3 Rg1 48. Rg8+ Bg6 49. Nxd5 cxd5 50. c6 Rc1 51. Rc8 Bf5 52. Rb8 Rxc6 53. Rxb5
Be4 54. Rc5 Rf6 55. b5 Rf3+ 56. Kb4 Rxg3 57. b6 Rg1 58. Rc3 Rb1+ 59. Rb3 Rf1 60.
b7 Rf8 61. Kc5 Rb8 62. Kc6 h4 63. Kc7 Rxb7+ 64. Kxb7 Kg4 65. Kc6 h3 66. Kd6 h2
67. Rb8 h1=Q 68. Rg8+ Kf4 69. Rf8+ Bf5 70. Ke7 Qh7+ 71. Rf7 Ke4 0-1

[Event "Titled Tue 10th Jun Late"]
[Site "chess.com INT"]
[Date "2025.06.10"]
[Round "2"]
[White "Suleymanli, Aydin"]
[Black "Sivakumar, Shaaketh"]
[Result "1-0"]
[WhiteTitle "GM"]
[BlackTitle "FM"]
[WhiteElo "2608"]
[BlackElo "2279"]
[WhiteFideId "13413937"]
[BlackFideId "30940176"]
[EventDate "2025.06.10"]

1. e4 e6 2. d3 d5 3. Nd2 c5 4. g3 Nc6 5. Bg2 g6 6. Ngf3 Bg7 7. O-O Nge7 8. Re1
O-O 9. c3 b5 10. e5 a5 11. Nb3 c4 12. Nbd4 cxd3 13. Nxb5 a4 14. Nbd4 Ba6 15.
Qxa4 Qc7 16. Bf4 Rfb8 17. Qa3 Bf8 18. Qd6 Qb6 19. Nxe6 Nf5 20. Nxf8 Nxd6 21. Nd7
Qxb2 22. Nxb8 Rxb8 23. exd6 Rd8 24. Rab1 Qxa2 25. Ra1 Qc4 26. Nd2 Qxc3 27. Rac1
Qb4 28. Rxc6 Bc4 29. h4 h5 30. Rb1 Qa4 31. Rc7 Qc2 32. Rbb7 Qd1+ 33. Kh2 Rf8 34.
Bh6 g5 35. Bxg5 Qg4 36. Bh3 Qe2 37. d7 Qxf2+ 38. Bg2 Qf5 39. Nxc4 d4 40. Nd2 Qe6
41. d8=Q Rxd8 42. Bxd8 Qe2 43. Bg5 Qg4 44. Rxf7 Qe6 45. Rfc7 1-0

[Event "Titled Tue 10th Jun Late"]
[Site "chess.com INT"]
[Date "2025.06.10"]
[Round "2"]
[White "Novosel, Lovro"]
[Black "Bacrot, Etienne"]
[Result "0-1"]
[WhiteTitle "FM"]
[BlackTitle "GM"]
[WhiteElo "2338"]
[BlackElo "2633"]
[WhiteFideId "14547120"]
[BlackFideId "605506"]
[EventDate "2025.06.10"]

1. d4 Nf6 2. c4 e6 3. Nf3 b6 4. g3 Bb7 5. Bg2 Bb4+ 6. Bd2 Be7 7. O-O O-O 8. Qc2
Be4 9. Qb3 Bb7 10. Qc2 c5 11. dxc5 bxc5 12. Nc3 Nc6 13. Rad1 h6 14. Bf4 d5 15.
cxd5 exd5 16. Ne5 Nb4 17. Qa4 g5 18. Bc1 Bd6 19. Nd3 Bc6 20. Qa3 a5 21. b3 c4
22. Ne1 Nd3 23. exd3 Bxa3 24. Bxa3 cxb3 25. Bxf8 Qxf8 26. axb3 Qb4 27. Ne2 Re8
28. Nc2 Qxb3 29. Ned4 Qc3 30. Ra1 a4 31. Nxc6 Qxc6 32. Nd4 Qd7 33. Ra3 Rb8 34.
Rfa1 Rb4 35. Ne2 d4 36. h3 Qe7 37. Nc1 Qe1+ 38. Bf1 Qe8 39. Ne2 Nd5 40. Rc1 Kg7
41. Rc5 Rb1 42. Kg2 Qa8 43. Kg1 Nb6 44. Nxd4 Qe8 45. Nf5+ Kg6 46. Rc6+ f6 0-1

[Event "Titled Tue 10th Jun Late"]
[Site "chess.com INT"]
[Date "2025.06.10"]
[Round "2"]
[White "Nita, Lucian"]
[Black "Sturt, Raven"]
[Result "0-1"]
[BlackTitle "GM"]
[WhiteElo "2143"]
[BlackElo "2459"]
[WhiteFideId "1206923"]
[BlackFideId "2007304"]
[EventDate "2025.06.10"]

1. e4 e5 2. Nf3 Nc6 3. Bb5 Nd4 4. Nxd4 exd4 5. Be2 Ne7 6. d3 d5 7. e5 Be6 8. Bf4
Qd7 9. Nd2 c5 10. Bg3 Nf5 11. Bf4 Be7 12. O-O O-O-O 13. Nf3 h6 14. h3 g5 15. Bh2
Rdg8 16. g4 Ng7 17. Ne1 h5 18. f3 hxg4 19. hxg4 Rh3 20. Rf2 Rgh8 21. Bf1 R3h6
22. Qd2 R8h7 23. c3 dxc3 24. bxc3 d4 25. cxd4 cxd4 26. Rc1+ Kb8 27. Rg2 Qd8 28.
Bg3 Rh1+ 29. Kf2 Rh8 30. Be2 Ka8 31. a4 Bd5 32. Nc2 Rxc1 33. Qxc1 Ne6 34. Qb2
Bc6 35. Qb3 Qa5 36. Rg1 Qxa4 37. Qxa4 Bxa4 38. Ne1 Rc8 39. Ng2 Rc2 40. Rb1 Bc6
41. Kf1 a5 42. Bf2 a4 43. Ne1 Rc3 44. Rb2 a3 45. Ra2 Bd5 46. Ra1 a2 47. Bd1 Bb4
48. Bc2 Ra3 49. Ke2 Bc3 50. Rxa2 Rxa2 51. Kd1 Nf4 52. Bg3 Ra1+ 53. Bb1 Bb3+ 0-1

[Event "Titled Tue 10th Jun Late"]
[Site "chess.com INT"]
[Date "2025.06.10"]
[Round "2"]
[White "Klys, Kacper"]
[Black "Ambartsumova, Karina"]
[Result "0-1"]
[BlackTitle "IM"]
[WhiteElo "2218"]
[BlackElo "2403"]
[WhiteFideId "21005281"]
[BlackFideId "4166299"]
[EventDate "2025.06.10"]

1. e4 c5 2. Nf3 a6 3. g3 Nc6 4. c3 e5 5. d4 d6 6. h3 Nf6 7. d5 Ne7 8. Nbd2 Ng6
9. Bg2 h5 10. h4 Bg4 11. a4 Be7 12. Qc2 b5 13. Nf1 O-O 14. Bg5 Nh7 15. Bxe7 Nxe7
16. N3h2 Bd7 17. Bf3 f5 18. axb5 axb5 19. Rxa8 Qxa8 20. Ne3 f4 21. Nd1 fxg3 22.
fxg3 Nf6 23. O-O c4 24. Qe2 Qa7+ 25. Kg2 g6 26. Qd2 Kg7 27. Qg5 Neg8 28. Ne3 Qb8
29. Nd1 Qd8 30. Rf2 Nh7 31. Qd2 Qb6 32. Ne3 Qc5 33. g4 hxg4 34. Bxg4 Rxf2+ 35.
Qxf2 Bxg4 36. Nhxg4 b4 37. Qe2 bxc3 38. bxc3 Ngf6 39. Nxf6 Nxf6 40. Kf3 Qc7 41.
Qxc4 Qf7 42. Kg2 Nh5 43. Qf1 Nf4+ 44. Kg3 Qa7 45. Qf2 Qd7 46. Ng4 Qc7 47. Qe3
Qc4 48. Nf2 Qc7 0-1

[Event "Titled Tue 10th Jun Late"]
[Site "chess.com INT"]
[Date "2025.06.10"]
[Round "2"]
[White "Ahmad, Al Khatib"]
[Black "Schracke, Guido"]
[Result "1-0"]
[WhiteTitle "GM"]
[BlackTitle "CM"]
[WhiteElo "2172"]
[BlackElo "2138"]
[WhiteFideId "8103178"]
[BlackFideId "4637054"]
[EventDate "2025.06.10"]

1. d4 Nf6 2. Nc3 d5 3. Bf4 a6 4. e3 Nc6 5. Nf3 Bg4 6. Be2 e6 7. h3 Bh5 8. Ne5
Bxe2 9. Nxe2 Nxe5 10. Bxe5 Nd7 11. Bg3 Nb6 12. O-O Bd6 13. b3 O-O 14. Qd3 Rc8
15. c4 dxc4 16. bxc4 Bxg3 17. Nxg3 c5 18. Rfc1 cxd4 19. exd4 Rc7 20. Rab1 Nd7
21. Ne4 Ne5 22. Qg3 Nxc4 23. Nf6+ Kh8 24. Nh5 Rg8 25. a4 Nd6 26. Re1 Nf5 27. Qe5
Rc2 28. Rbd1 Qh4 29. Ng3 Nxg3 30. fxg3 Qd8 31. d5 exd5 32. Rxd5 Qb6+ 33. Kh2 f6
34. Qe4 Qf2 35. Rf5 Qd2 36. Rh5 h6 37. Rd5 Qc3 38. Rd7 b5 39. axb5 axb5 40. Rf1
Qb2 41. Rf5 Re2 42. Qf3 b4 43. Rh5 Rf2 44. Qb7 Qc1 45. Rc7 Qd2 46. Rd7 Qg5 47.
Rxg5 fxg5 48. Qxb4 Re8 49. Qb7 Ree2 50. Rc7 Kh7 51. Re7 Kh8 52. Rxe2 Rxe2 53.
Qc8+ 1-0

[Event "Titled Tue 10th Jun Late"]
[Site "chess.com INT"]
[Date "2025.06.10"]
[Round "2"]
[White "Moosavifar, Seyed Abolfazl"]
[Black "Mitrabha, Guha"]
[Result "0-1"]
[WhiteTitle "FM"]
[BlackTitle "GM"]
[WhiteElo "2303"]
[BlackElo "2515"]
[WhiteFideId "42548195"]
[BlackFideId "5057000"]
[EventDate "2025.06.10"]

1. e4 c6 2. d4 d5 3. e5 Bf5 4. h4 h5 5. Bd3 Bxd3 6. Qxd3 Qa5+ 7. Nd2 e6 8. Nf3
Nh6 9. O-O Qa6 10. c4 Nf5 11. a4 Bb4 12. b3 c5 13. Ba3 Bxa3 14. Rxa3 Nc6 15.
dxc5 Rd8 16. Qb1 Qa5 17. b4 Qxb4 18. Rb3 Qxc5 19. Rb5 Qa3 20. cxd5 Ncd4 21. Rxb7
O-O 22. dxe6 fxe6 23. Rxa7 Ne2+ 24. Kh2 Qc5 25. Qb7 Rxd2 26. Nxd2 Qxe5+ 27. f4
Qe3 28. Qf3 Qxd2 29. Qe4 Neg3 30. Qxe6+ Kh7 31. Rf3 Qd4 32. Rxg3 Nxg3 33. Kxg3
Qxa7 34. Qe4+ Kh8 35. Qd5 Qe3+ 36. Kh2 Qxf4+ 37. Kg1 Qf2+ 38. Kh2 Qxh4+ 39. Kg1
Qf2+ 40. Kh2 Qf5 41. Qc6 Qf4+ 42. Kg1 Rd8 43. Qc2 Qd4+ 44. Kh2 Qd6+ 45. g3 Qd2+ 0-1

[Event "Titled Tue 10th Jun Late"]
[Site "chess.com INT"]
[Date "2025.06.10"]
[Round "2"]
[White "Mayaud, Raphael"]
[Black "Thomforde-Toates, Noah"]
[Result "0-1"]
[WhiteTitle "CM"]
[WhiteElo "2126"]
[BlackElo "2128"]
[WhiteFideId "627151"]
[BlackFideId "30951992"]
[EventDate "2025.06.10"]

1. d4 Nf6 2. Bg5 Ne4 3. Bf4 c5 4. f3 Qa5+ 5. c3 Nf6 6. Nd2 cxd4 7. Nb3 Qb6 8.
Qxd4 Qxd4 9. cxd4 d5 10. e3 Nc6 11. Bd3 h6 12. Ne2 e6 13. g4 Bd7 14. Nc3 g5 15.
Bg3 h5 16. gxh5 Nxh5 17. Kf2 f5 18. Nb5 Kf7 19. Nd6+ Bxd6 20. Bxd6 Nf6 21. Nc5
Bc8 22. Rac1 g4 23. Be5 Rh3 24. Bxf6 Rxf3+ 25. Ke2 Kxf6 26. h3 Rxh3 27. Rxh3
gxh3 28. Rh1 b6 29. Nb3 Nb4 30. Rxh3 Nxd3 31. Kxd3 Ba6+ 32. Kd2 Rg8 33. Rh6+ Ke7
34. Rh7+ Kd6 35. Rxa7 Rg2+ 36. Kc3 Bc4 37. Nd2 b5 38. Ra6+ Ke7 39. Nxc4 bxc4 40.
Ra7+ Kf6 41. Rb7 Re2 42. a4 Rxe3+ 43. Kd2 Rd3+ 44. Kc2 Rxd4 45. a5 Rh4 46. a6
Rh1 47. a7 Ra1 48. Kc3 Ke5 49. Kb4 Kd4 50. Kb5 f4 51. Kb6 e5 52. Rc7 f3 53. Kb7
e4 54. Rc6 Rxa7+ 55. Kxa7 e3 56. Rf6 e2 57. Rf4+ Kc5 0-1

[Event "Titled Tue 10th Jun Late"]
[Site "chess.com INT"]
[Date "2025.06.10"]
[Round "2"]
[White "Ivanov, Andrey A."]
[Black "Csonka, Balazs"]
[Result "0-1"]
[WhiteTitle "CM"]
[BlackTitle "IM"]
[WhiteElo "2120"]
[BlackElo "2467"]
[WhiteFideId "2514311"]
[BlackFideId "742910"]
[EventDate "2025.06.10"]

1. Nf3 Nf6 2. c4 g6 3. d4 Bg7 4. Nc3 d5 5. cxd5 Nxd5 6. e4 Nxc3 7. bxc3 c5 8.
Be2 Nc6 9. Be3 Bg4 10. Bb5 cxd4 11. cxd4 Qa5+ 12. Qd2 Qxb5 13. Rc1 Bxf3 14. gxf3
O-O 15. h4 Rad8 16. d5 Ne5 17. Qe2 Qxe2+ 18. Kxe2 Rd7 19. Rc2 e6 20. Rhc1 exd5
21. exd5 Rxd5 22. Rc8 Nc6 23. Rc7 Nd4+ 24. Bxd4 Bxd4 25. Rxb7 Bb6 26. Re7 Rfd8
27. Rc2 Kf8 28. Re4 Rd4 29. Re5 Rxh4 30. Kf1 Rh2 31. Kg1 Rxf2 32. Rxf2 Rd2 33.
a4 Rxf2 34. Rb5 Rxf3+ 35. Kg2 Rf5 36. Rb4 h5 37. Kh3 g5 38. a5 Rxa5 39. Rc4 Kg7
40. Rc3 Rc5 41. Rb3 Kg6 42. Kg3 f5 43. Kf3 h4 44. Kg2 g4 45. Kh2 f4 46. Kg2 Kg5
47. Rb1 h3+ 48. Kh2 Rc2+ 49. Kh1 Rc5 50. Kh2 Kh4 51. Kh1 Rc6 52. Rf1 Be3 53. Re1
Rc1 54. Kh2 g3+ 55. Kh1 g2+ 56. Kh2 g1=B+ 57. Kh1 Bgf2 58. Kh2 Bxe1 59. Kh1 a5
60. Kh2 a4 61. Kh1 a3 62. Kh2 a2 63. Kh1 a1=N 64. Kh2 Nb3 65. Kh1 f3 66. Kh2 f2
67. Kh1 Nd4 68. Kh2 Kg4 69. Kh1 f1=B 70. Kh2 Nf5 71. Kh1 Ba5 72. Kh2 Ba7 73. Kh1
Bg1 74. Kxg1 h2+ 75. Kh1 Rb1 76. Kxh2 Bc7+ 77. Kg1 Bb6+ 78. Kh2 Bg2 79. Kxg2
Nh4+ 80. Kh2 Bg1+ 81. Kh1 Be3+ 82. Kh2 Bf4# 0-1

[Event "Titled Tue 10th Jun Late"]
[Site "chess.com INT"]
[Date "2025.06.10"]
[Round "2"]
[White "Maglioni, Leonardo"]
[Black "Principe, Gerson"]
[Result "1-0"]
[BlackTitle "FM"]
[WhiteElo "2069"]
[BlackElo "2176"]
[WhiteFideId "2896830"]
[BlackFideId "3804550"]
[EventDate "2025.06.10"]

1. d4 Nf6 2. Bf4 e6 3. e3 b6 4. Nf3 Bb7 5. Nbd2 d5 6. Bd3 Bd6 7. Bg3 O-O 8. c3
Ne4 9. O-O Nxg3 10. hxg3 f5 11. c4 c6 12. Rc1 Nd7 13. a3 a5 14. Qb3 a4 15. Qa2
Rf6 16. cxd5 exd5 17. Nh4 Qf8 18. Qb1 g6 19. Nhf3 Qe7 20. Qc2 Rff8 21. Nb1 b5
22. Nc3 Nf6 23. Ne2 Ng4 24. Nf4 Rae8 25. Be2 Qg7 26. Nd3 Qh6 27. Rfd1 Re7 28.
Nf4 Rfe8 29. Re1 Rf7 30. Bd3 g5 31. Nh3 f4 32. exf4 Rxe1+ 33. Rxe1 gxf4 34. Bf5
Nf6 35. Be6 Kf8 36. Bxf7 Kxf7 37. gxf4 Kf8 38. Qf5 Qg6 39. Qxg6 hxg6 40. Re6 Ne8
41. Rxg6 Bc8 42. Nhg5 Bf5 43. Rh6 Bxf4 44. Rxc6 Bd7 45. Ra6 Bc1 46. Ne5 Bf5 47.
Ne6+ Ke7 48. Ng7 Be4 49. Re6+ 1-0

[Event "Titled Tue 10th Jun Late"]
[Site "chess.com INT"]
[Date "2025.06.10"]
[Round "2"]
[White "Ermachenko, Manuel"]
[Black "Khlebovich, Alexander"]
[Result "1/2-1/2"]
[WhiteTitle "CM"]
[BlackTitle "IM"]
[WhiteElo "2277"]
[BlackElo "2423"]
[WhiteFideId "24560952"]
[BlackFideId "4169123"]
[EventDate "2025.06.10"]

1. e4 c5 2. Nf3 d6 3. d4 cxd4 4. Nxd4 Nf6 5. Bd3 Nc6 6. Nxc6 bxc6 7. c3 g6 8.
O-O Bg7 9. Re1 O-O 10. h3 a5 11. Be3 Ba6 12. Bxa6 Rxa6 13. Nd2 Qb8 14. b3 c5 15.
Qe2 Qb7 16. a4 Raa8 17. Bg5 Rfe8 18. Bxf6 Bxf6 19. Qc4 Qa6 20. Qxa6 Rxa6 21.
Rac1 Bg5 22. Rc2 Bxd2 23. Rxd2 Rb8 24. Rb1 Rab6 25. Rdb2 c4 26. b4 axb4 27. Rxb4
Rxb4 28. cxb4 c3 29. b5 Ra8 30. b6 c2 31. Rc1 Rxa4 32. Rxc2 Rb4 33. Rc6 Kg7 34.
f3 Kf6 35. Kf2 Rb2+ 36. Kg3 g5 37. h4 gxh4+ 38. Kxh4 Rxg2 39. b7 Rb2 40. Rc7 e6
41. Kg4 Rb4 42. Kg3 h6 43. Kh3 d5 44. exd5 exd5 45. Rd7 Ke6 46. Rc7 Rb2 47. Kg3
h5 48. Kf4 Rb4+ 49. Kg3 d4 50. Kf4 h4 51. Ke4 h3 52. Rc6+ Ke7 53. Rh6 Rxb7 54.
Rxh3 Rd7 55. Kd3 Ke6 56. Rh4 Kf5 57. Rxd4 Rxd4+ 58. Kxd4 Kf4 59. Kd5 Kf5 60. Kd4
Kf4 61. Kd5 f5 62. Ke6 Kxf3 63. Kxf5 1/2-1/2

[Event "Titled Tue 10th Jun Late"]
[Site "chess.com INT"]
[Date "2025.06.10"]
[Round "2"]
[White "Tang, Andrew"]
[Black "Baltabaev, Temirlan"]
[Result "1-0"]
[WhiteTitle "GM"]
[BlackTitle "FM"]
[WhiteElo "2529"]
[BlackElo "2295"]
[WhiteFideId "2059630"]
[BlackFideId "4112172"]
[EventDate "2025.06.10"]

1. d4 Nf6 2. c4 e6 3. Nc3 c5 4. d5 exd5 5. cxd5 d6 6. e4 g6 7. Nge2 Bg7 8. Ng3
O-O 9. Be2 a6 10. a4 Nbd7 11. O-O Qe7 12. h3 Ne8 13. Be3 Nc7 14. f4 f6 15. Qd2
Rb8 16. a5 b5 17. axb6 Nxb6 18. Rad1 Nb5 19. Nxb5 axb5 20. Bxb5 Bd7 21. Be2 Na4
22. Rb1 Rb4 23. b3 Rfb8 24. Qc2 Nb6 25. Bd2 Rc8 26. Bxb4 cxb4 27. Qd2 Rc3 28.
Bf3 Bb5 29. Ne2 f5 30. Nxc3 bxc3 31. Qc2 fxe4 32. Bxe4 Bxf1 33. Rxf1 Nd7 34. b4
Nf6 35. Bf3 Qe3+ 36. Kh1 Nd7 37. b5 Nb6 38. Qe4 Qxe4 39. Bxe4 Bd4 40. g4 Kg7 41.
f5 g5 42. Kg2 Kf6 43. Kf3 h6 44. Ra1 Nc4 45. Ke2 Nd2 46. Bc2 Nc4 47. Ra4 Ne3 48.
Rxd4 Nxc2 49. Rc4 Na3 50. Rxc3 Nxb5 51. Rc4 Ke5 52. Kd3 Kxd5 53. f6 Ke6 54. Rb4
Nc7 55. f7 Kxf7 56. Rb7 Ke6 57. Rxc7 Kd5 58. Rf7 Ke5 59. Rf5+ Ke6 60. Kd4 d5 61.
Kc5 1-0

[Event "Titled Tue 10th Jun Late"]
[Site "chess.com INT"]
[Date "2025.06.10"]
[Round "2"]
[White "Liu, Zhaoqi"]
[Black "Swara Lakshmi S Nair"]
[Result "1/2-1/2"]
[WhiteTitle "IM"]
[BlackTitle "WCM"]
[WhiteElo "2400"]
[BlackElo "2187"]
[WhiteFideId "8609381"]
[BlackFideId "25629239"]
[EventDate "2025.06.10"]

1. Nf3 Nf6 2. g3 g6 3. Bg2 Bg7 4. O-O O-O 5. c4 c6 6. Nc3 d5 7. d4 Bf5 8. Qb3
Qb6 9. cxd5 cxd5 10. Nxd5 Nxd5 11. Qxd5 Rd8 12. Qc5 Nc6 13. Qxb6 axb6 14. Be3
Be4 15. Rfd1 Bxf3 16. Bxf3 Nxd4 17. Bxd4 Bxd4 18. Bxb7 Rab8 19. Be4 Bxb2 20.
Rab1 Bd4 21. e3 Bc5 22. Bd5 e6 23. Bc4 Kf8 24. Kg2 Ke7 25. Kf3 Rxd1 26. Rxd1 Rd8
27. Rc1 Rd2 28. h4 f5 29. Bb3 e5 30. Rc2 e4+ 31. Kg2 Bxe3 32. Rc7+ Kd6 33. Rxh7
Rxf2+ 34. Kh3 Rf1 35. Rg7 Rh1+ 36. Kg2 Rg1+ 37. Kh2 f4 38. Rxg6+ Ke5 39. Rg5+
Kf6 40. gxf4 Rf1 41. Rg8 Rxf4 42. Kg3 Rf3+ 43. Kg2 Rf2+ 44. Kg3 Rf3+ 45. Kg2
Rf2+ 46. Kh3 Rf3+ 47. Kg4 Rf4+ 48. Kh5 Rf5+ 49. Kg4 Rf4+ 50. Kh5 Rf5+ 51. Kg4
Rf4+ 1/2-1/2